LDR 00739naa#a2200193#i#450# 001 EN\\bibl\117876 005 20260607170149.7 011 ## _a2500-4026 100 ## _a20250331b2025####ek#y0engy0150####ca 101 0# _aRUS 102 ## _aRU 200 1# _aIMPROVING THE EFFICIENCY OF ENGAGEMENT OF FIRE UNITS TO FIRES OF HIGHER LEVELS THROUGH THE INTRODUCTION OF THE SECTOR OF DEPARTURE _eJournal article 210 1# _aZheleznogorsk _cFSBEE HE Siberian Fire and Rescue Academy EMERCOM of Russia _d2025 215 ## _a13 с. 608 ## _aJournal article _2local 675 ## _aПрибытие. Разведка. Ведущие пожарные команды. 614.842.661 _zRUS 700 #1 _aUvaliev _gD S 700 #1 _aSokolov _gS V 856 4# _aapbt-sibpsa.editorum.ru _u